[Event "St Veit op 42nd"]
[Site "St Veit"]
[Date "2023.07.10"]
[Round "4"]
[White "Fuchs, Patrick1"]
[Black "Neuschmied, Siegfried"]
[Result "0-1"]
[WhiteElo "2041"]
[BlackElo "2206"]
[PlyCount "110"]
[EventDate "2023.07.08"]
[EventType "swiss"]
[EventRounds "9"]
[EventCountry "AUT"]
[SourceTitle "CBM 215 Extra"]
[Source "ChessBase"]
[SourceDate "2023.09.30"]
[SourceVersion "1"]
[SourceVersionDate "2023.09.30"]
[SourceQuality "1"]

1. e4 c5 2. Nf3 e6 3. d4 cxd4 4. Nxd4 a6 5. c4 Nf6 6. Nc3 Bb4 7. Qd3 Qc7 8. Bd2 Nc6 9. Rc1 Nxd4 10. Qxd4 Bc5 11. Qd3 Ng4 12. Nd1 0-0 13. Qg3 Qxg3 14. hxg3 d6 15. Be2 Ne5 16. Be3 Bd7 17. f4 Nc6 18. Kf2 Rac8 19. Nc3 Nd4 20. Rhd1 e5 21. Nd5 Rfe8 22. f5 Bc6 23. Bd3 Bxd5 24. cxd5 Kf8 25. Bxd4 Bxd4+ 26. Ke2 Ke7 27. b3 Kf6 28. Rc4 Rxc4 29. Bxc4 b5 30. Bd3 Rc8 31. Rf1 Kg5 32. Kd2 Kg4 33. Rf3 Bc3+ 34. Kd1 Bb2 35. Be2 Kg5 36. Kd2 Rc1 37. a4 bxa4 38. bxa4 Ra1 39. Bxa6 Rxa4 40. Bd3 Bd4 41. Be2 Bc5 42. Bd3 Ra2+ 43. Bc2 Bb4+ 44. Kd3 Ra1 45. Kc4 Bc5 46. Bd3 Ra2 47. Bf1 Ra4+ 48. Kb5 Rxe4 49. Rc3 Re1 50. Rxc5 dxc5 51. Bc4 e4 52. d6 Rd1 53. Kxc5 e3 54. Bd5 Kf6 55. Bf3 Rd2 0-1

[Event "Tirol Landesliga 2223"]
[Site "Austria"]
[Date "2023.03.12"]
[Round "8.2"]
[White "Neuschmied, Siegfried"]
[Black "Kroell, Johannes"]
[Result "1-0"]
[WhiteElo "2235"]
[BlackElo "2166"]
[PlyCount "65"]
[EventDate "2022.10.01"]
[EventType "team-tourn"]
[EventRounds "9"]
[EventCountry "AUT"]
[SourceTitle "EXT 2024"]
[Source "ChessBase"]
[SourceDate "2023.10.10"]
[SourceVersion "1"]
[SourceVersionDate "2023.10.10"]
[SourceQuality "1"]
[WhiteTeam "Kufstein/Woergl"]
[BlackTeam "Reutte"]
[WhiteTeamCountry "AUT"]
[BlackTeamCountry "AUT"]

1. e4 g6 2. d4 Bg7 3. Nc3 d6 4. Be3 e6 5. Qd2 h6 6. f3 a6 7. Nh3 Nd7 8. Nf2 Ne7 9. a4 b6 10. Bd3 Bb7 11. Ne2 c5 12. c3 Qc7 13. 0-0 c4 14. Bc2 Nc6 15. d5 exd5 16. Nf4 Ne7 17. Nxd5 Bxd5 18. exd5 Qb7 19. Ne4 Qc7 20. Rfe1 Kf8 21. Bf4 Ne5 22. Re2 Re8 23. Rae1 Nf5 24. Kh1 f6 25. Nf2 Qd7 26. Bxf5 gxf5 27. Qd4 Qc7 28. Be3 Rb8 29. Nh3 Nd3 30. Nf4 Nxf4 31. Qxf4 Re8 32. Bd4 Rxe2 33. Rxe2 1-0

[Event "Tirol Landesliga 2223"]
[Site "Austria"]
[Date "2022.11.26"]
[Round "3.2"]
[White "Jocher, Georg"]
[Black "Neuschmied, Siegfried"]
[Result "1/2-1/2"]
[WhiteElo "1989"]
[BlackElo "2235"]
[PlyCount "162"]
[EventDate "2022.10.01"]
[EventType "team-tourn"]
[EventRounds "9"]
[EventCountry "AUT"]
[SourceTitle "EXT 2024"]
[Source "ChessBase"]
[SourceDate "2023.10.10"]
[SourceVersion "1"]
[SourceVersionDate "2023.10.10"]
[SourceQuality "1"]
[WhiteTeam "Voels/Innsbruck"]
[BlackTeam "Kufstein/Woergl"]
[WhiteTeamCountry "AUT"]
[BlackTeamCountry "AUT"]

1. Nf3 d5 2. g3 Nf6 3. Bg2 c6 4. 0-0 Bg4 5. Ne5 Bh5 6. d4 e6 7. c4 Be7 8. Nc3 Nbd7 9. Bf4 0-0 10. h3 Nxe5 11. dxe5 Nd7 12. g4 Bg6 13. cxd5 exd5 14. e4 dxe4 15. Nxe4 Nc5 16. Nxc5 Bxc5 17. Rc1 Qb6 18. Qe2 Rfe8 19. Bg3 h6 20. Be4 Bxe4 21. Qxe4 Rad8 22. Rc2 Rd5 23. Kg2 Qd8 24. Re1 Rd4 25. Qf3 Bb4 26. Ree2 Ba5 27. Qb3 Rd3 28. Qc4 Qd7 29. a3 Rd1 30. b4 Bb6 31. a4 a6 32. Qa2 Qd5+ 33. Qxd5 Rxd5 34. Rc4 Red8 35. f4 Rd1 36. a5 Ba7 37. Bf2 R1d2 38. Rce4 Rxe2 39. Rxe2 Bxf2 40. Rxf2 Rd4 41. f5 Kf8 42. e6 Ke7 43. exf7 Kxf7 44. Rb2 Kf6 45. Rb3 h5 46. gxh5 Rh4 47. Kg3 Rxh5 48. Rc3 Rg5+ 49. Kh4 Rxf5 50. Rc4 Ke5 51. Rc5+ Ke4 52. Rc4+ Kd3 53. Rg4 Rf7 54. Kg5 Rf6 55. h4 Kc3 56. h5 Kb3 57. Re4 Rf7 58. Kg6 Rd7 59. Rh4 Ka4 60. Rf4 c5 61. bxc5+ Kxa5 62. Rf7 Rd5 63. Rxg7 Rxc5 64. Rxb7 Rc1 65. Rb3 Rg1+ 66. Kf5 Rh1 67. Kg4 Ka4 68. Rh3 Rg1+ 69. Rg3 Rh1 70. Kg5 a5 71. h6 Kb4 72. Rg4+ Kb3 73. Rh4 Rg1+ 74. Kf6 Rg8 75. Rh3+ Kb2 76. h7 Rh8 77. Kg7 Rxh7+ 78. Rxh7 a4 79. Kf6 a3 80. Rb7+ Kc2 81. Ke5 a2 1/2-1/2

[Event "AUT-chT2W 2223"]
[Site "Austria"]
[Date "2022.11.12"]
[Round "4.6"]
[White "Amann, Guenter"]
[Black "Neuschmied, Siegfried"]
[Result "0-1"]
[WhiteElo "2313"]
[BlackElo "2232"]
[PlyCount "68"]
[EventDate "2022.09.23"]
[EventType "team-tourn"]
[EventRounds "11"]
[EventCountry "AUT"]
[SourceTitle "CBM 213 Extra"]
[Source "ChessBase"]
[SourceDate "2023.05.31"]
[SourceVersion "1"]
[SourceVersionDate "2023.05.31"]
[SourceQuality "1"]
[WhiteTeam "Dornbirn"]
[BlackTeam "Kufstein/Woergl"]
[WhiteTeamCountry "AUT"]
[BlackTeamCountry "AUT"]

1. d4 d5 2. Nf3 Nf6 3. c4 e6 4. Nc3 a6 5. g3 dxc4 6. Bg2 c5 7. dxc5 Qxd1+ 8. Nxd1 Nc6 9. Ne3 Bxc5 10. Nxc4 Nd5 11. 0-0 b5 12. Nce5 Nxe5 13. Nxe5 Bb7 14. Bd2 Bd4 15. Nd3 Rc8 16. Rac1 0-0 17. e3 Bb6 18. Nb4 Rfd8 19. Nxd5 Bxd5 20. Rxc8 Rxc8 21. Bxd5 exd5 22. Bc3 f6 23. Rd1 Re8 24. Bd4 Bxd4 25. Rxd4 Kf7 26. Rd2 Ke6 27. Rc2 Kd6 28. Kf1 h5 29. h4 g5 30. hxg5 fxg5 31. f4 gxf4 32. gxf4 d4 33. Rd2 Rxe3 34. Kf2 Kd5 0-1